000 00450nam a2200109Ia 4500
008 220204s9999 xx 000 0 und d
082 _aNR:061.32002
_bACS.36
100 _aPalombo, Jim
245 0 _aCompounding for rolling resistance traction and tread wear : A review of the fundamentals. Paper presented at a meeting of the Rubber Division, American Chemical Society, Georgia, April 29-May1 2002. No.36
260 _aGeorgia
_bACS
_c2002
942 _cBK
999 _c42283
_d42283